| 000 | 00646nam a2200241Ia 4500 | ||
|---|---|---|---|
| 003 | 0100 | ||
| 005 | 20150907152902.0 | ||
| 008 | 130303s9999 xx 000 0 und d | ||
| 020 | _a0226672840 | ||
| 040 | _cARRUPELIB | ||
| 050 | _aBD161.P719 1969b | ||
| 100 |
_aPolanyi, Michael _919085 |
||
| 245 | _aKnowing and being | ||
| 245 | _bessays | ||
| 260 | _aChicago | ||
| 260 |
_bChicago University Press _c1969 |
||
| 300 | _axvii | ||
| 300 | _b 246p. 23cm. | ||
| 650 |
_aknowledge, Theory of _xaddresses _919086 |
||
| 650 |
_aScience _xphilosophy _xaddresses _919087 |
||
| 700 |
_aGrene, Marjorie (ed.) _919016 |
||
| 942 |
_2lcc _cMONOGRAPH |
||
| 999 |
_c15296 _d15296 |
||